000 00667nam a2200217Ia 4500
003 OSt
005 20250211095506.0
008 210719s1995 xx 000 0 und d
040 _cAL
041 _aKan
082 _aK894.8 NAVA
100 _aNAVAYUGA
_dನವಯುಗ
_9198887
245 _aNavayugada pravartaka ke honnayya shetty
_bನವಯುಗದ ಪ್ರವರ್ತಕ ಕೆ ಹೊನ್ನಯ್ಯ ಶೆಟ್ಟಿ
260 _aBengaluru
_c1995
300 _a200
_bPB
365 _b35
_cRs
440 _aMareyabarada tuluvaru 2
_9198888
650 _aKannada literature
_9198889
650 _aKannada Miscellaneous
_9198890
942 _2ddc
_cBK
999 _c214941
_d214941